Jazyk v pragmatike /

Na minha lista:
Detalhes bibliográficos
Autor principal: Dolník, Juraj (Author)
Formato: Livro
Idioma:eslovaco
Publicado em: Bratislava VEDA 2018
Edição:1. vyd.
Assuntos:
Tags: Adicionar Tag
Sem tags, seja o primeiro a adicionar uma tag!

MARC

LEADER 00000nam a22000003a 4500
001 0084274
003 SK-STU
005 20201110111721.2
007 ta
008 201110s ----xo-----e------000-0-----d
020 |a 978-80-224-1686-3 
040 |a STU  |b slo 
041 0 |a slo 
100 1 |a Dolník, Juraj  |4 aut  |r Z5 
245 1 0 |a Jazyk v pragmatike /  |c aut. Juraj Dolník 
250 |a 1. vyd. 
260 |a Bratislava  |b VEDA  |c 2018 
300 |a 198 s. 
650 0 7 |a jazyk v pragmatike 
996 |b 284J046198  |c J* 118745  |l JJSK  |s A  |a 24  |w 0084274_0001